000 00768nam a2200265 i 4500
001 16033
003 ES-MaACL
005 20230906151230.0
007 t|
008 000619s1993 sp |||| | spa d
020 _a84-375-0344-2
080 _a394.012(44)"16/17"
080 _a316.343.32(44)"16/17"
100 1 _aElias, Norbert.
_946969
245 1 3 _aLa sociedad cortesana /
_cNorbert Elias.
250 _a1ª reimp.
260 _aMadrid :
_bF.C.E. de España,
_c1993.
300 _a403 p. ;
_c22 cm.
490 1 _aSección de obras de sociología
650 1 4 _aNobleza-
_zFrancia.
_9161972
650 1 4 _aCorte y cortesanos-
_zFrancia.
_9151835
830 0 _aSección de obras de sociología
_9179836
852 _aES-MaACL
_jL-23331
999 _c16033
_d16033